000 00361 a2200169 4500
001 188565
020 _a978-85-3771-083-8
040 _cMagnum
100 _aDuran, Teresa
240 1 0 _aMãe é mãe...
_lpor
245 1 0 _aMãe é mãe...
300 _a32
362 0 _a2009
440 1 _aEscala Educacional
697 _aLITERATURA INFANTO
942 _cBK
999 _c188565
_d188565